| 000 | 00575nam a22002172 4500 | ||
|---|---|---|---|
| 001 | 0000005905 | ||
| 005 | 20151217154356.0 | ||
| 008 | 070809s xx 000 0 eng d | ||
| 020 |
_a8120302168 : _cKES 300 |
||
| 040 |
_aKABU _cKABU |
||
| 050 | 0 |
_aBJ1012 _b.F73 1973 |
|
| 100 | 1 |
_aFrankena, William K. _@0000157188 |
|
| 245 | 1 | 0 | _aEthics. |
| 250 | _a2nd ed. | ||
| 260 |
_aNew Delhi : _bPrentice Hall, _c2005. |
||
| 300 | _axv, 125 p. | ||
| 650 | 0 |
_aEthics. _@0000148122 |
|
| 908 | _a070809 | ||
| 950 | _@1 | ||
| 999 |
_c10859 _d10859 |
||